000 03171cam a2200493 i 4500
001 124945
005 20230410120753.0
008 141006s2014 dcub b 001 0 eng
035 _a18326118
925 0 _aacquire
_b2 shelf copies
_xSel/rjc, 2015-06-04
942 _2lcc
_cbk
010 _a 2014033002
020 _a9781621572800 (hardback)
040 _aDLC
_beng
_cDLC
_dDLC
_erda
041 _aeng
042 _apcc
043 _aa-iq---
_an-us---
050 1 4 _aHV 6433
_bA561v 2014
082 0 0 _a956.7044/3
100 1 _aAndress, Carter,
_d1963-
245 1 0 _aVictory undone :
_bthe defeat of al-Qaeda in Iraq and its resurrection as ISIS /
_cCarter Andress with Malcolm McConnell.
260 _aWashington, DC :
_bRegnery Publishing, a Salem Communications Company,
_c2014.
300 _axvii, 348 p. :
_bill., maps ;
_c24 cm
504 _aIncludes bibliographical references (pages 307-320) and index.
505 _aCover; Title Page; Copyright; Dedication; Contents; FOREWORD; 1. THE BEGINNING OF THE END FOR AL-QAEDA IN IRAQ; 2. THE AWAKENING JOINS THE IRAQI SECURITY SERVICES; 3. THE ULTIMATE COUNTERINSURGENTS; 4. BACK TO FALLUJAH: CONTRACTORS TAKE THE LEAD; 5. THE SURGE; 6. BLACKWATER; 7. THE TIPPING POINT; 8. SADDAM'S YELLOWCAKE; 9. THE RAID; 10. "DEATH TO AL-QAEDA!"; 11. THE OILFIELDS; 12. THE LAST OF THE OCCUPIERS; 13. THE ARAB SPRING; 14. AFGHANISTAN: HOW NOT TO DO IT; 15. CONTRACTORS AT WAR; 16. AFTER-ACTION REVIEW; ACKNOWLEDGMENTS; NOTES; BIBLIOGRAPHY; INDEX.
520 _a"The United States defeated al Qaeda in Iraq, leaving tens of thousands of the terrorist organization's operatives and supporters dead. The Sunni Arabs of Iraq turned against al Qaeda during the Iraq War and the rest of the Arab world followed their lead, leaving Osama bin Laden the "odd man out" in the Arab Spring currently roiling the old authoritarian order in the Middle East. In the counterinsurgency campaign that followed the destruction of the Saddamist dictatorship, U.S. government contractors equaled or exceeded the number of American soldiers on the battlefield. This unprecedented situation served to train and employ 100,000s of Iraqis on reconstruction projects and thereby drained the swamp whence the al Qaeda-led insurgency sprang. Andress and McConnell make the case that without private contractors working in the war zone, America and its allies would have lost the war"--
_cProvided by publisher.
610 2 0 _aQaida (Organization)
650 0 _aIraq War, 2003-2011.
650 0 _aWar on Terrorism, 2001-2009.
650 0 _aIslamic fundamentalism
_zIraq.
650 0 _aTerrorism
_zIraq
_xPrevention.
650 0 _aContractors
_zIraq.
651 0 _aUnited States
_xRelations
_zIraq.
651 0 _aIraq
_xRelations
_zUnited States.
650 4 _aGuerra de Irak, 2003-2011-- Influencia (+).
650 4 _aGuerra de Irak, 2003-2011.
610 2 4 _aAl-Qaeda.
650 4 _aFundamentalismo islámico
_zIrak.
650 4 _aTerrorismo
_xPrevención
_zIrak.
651 4 _aIraq
_xRelaciones exteriores
_zEstados Unidos.
651 4 _aEstados Unidos
_xRelaciones exteriores
_zIrak.
700 1 _aMcConnell, Malcolm.
946 _adpf
999 _c51533
_d51533